000
00265nam a2200109Ia 4500
001
1265564
005
20260417142029.0
008
260417s9999 xx 000 0 und d
020
_a
9786256999169
245
0
_a
Körduman
_c
Kemal Tahir
260
_b
Ketebe Yayınları
999
_c
1265564
_d
1265564